| 000 | 00865cam a2200253 a 4500 | ||
|---|---|---|---|
| 001 | 4871807 | ||
| 003 | PILC | ||
| 005 | 20150112093429.0 | ||
| 008 | 920310s1992 inua 001 0 eng | ||
| 010 | _a 92060112 | ||
| 020 | _a0672300753 | ||
| 040 |
_aDLC _cDLC _dDLC |
||
| 050 | 0 | 0 |
_aTK 5105.7 _b.Se454 1992 |
| 082 | 0 | 0 |
_aCSF 005.78 _bSe3 1992 |
| 100 | 1 |
_aSegal, Rick. _98661 |
|
| 245 | 1 | 0 |
_aLAN desktop guide to troubleshooting, NetWare edition / _cRick Segal. |
| 260 |
_aCarmel, Ind., USA : _bSAMS, _c1992. |
||
| 300 |
_a342 pages : _billustration ; _c24 cm. |
||
| 630 | 0 | 0 |
_aNetWare. _98553 |
| 650 | 0 |
_aLocal area networks (Computer networks) _xMaintenance and repair. _98662 |
|
| 906 |
_a7 _bcbc _corignew _d2 _eopcn _f19 _gy-gencatlg |
||
| 942 |
_2lcc _cBK |
||
| 999 |
_c14299 _d14299 |
||